| 000 | 01016nas a2200313 4500 | ||
|---|---|---|---|
| 001 | BR2012002398 | ||
| 003 | BR-BrBNA | ||
| 005 | 20231205120415.0 | ||
| 007 | ta | ||
| 008 | 230509b bl.|||p| |||| 00| 00por d | ||
| 040 |
_aBR-BrBNA _bpor _cBiblioteca Nacional de Agricultura |
||
| 041 | _a(Pt) | ||
| 072 | _aF04; F08; P33 | ||
| 100 | 1 | _aCosta, M.S.S. de M. | |
| 100 | 1 | _aPivetta, L.A. | |
| 100 | 1 | _aCosta, L.A. de M. | |
| 100 | 1 | _aPivetta, L.G. | |
| 100 | 1 | _aCastoldi, G. | |
| 100 | 1 | _aSteiner, F. | |
| 245 | 1 | _aAtributos físicos do solo e produtividade do milho sob sistemas de manejo e adubações | |
| 650 | _aZEA MAYS | ||
| 650 | _aROTAÇÃO DE CULTURA | ||
| 650 | _aADUBO ORGÂNICO | ||
| 650 | _aCOMPACTAÇÃO DO SOLO | ||
| 773 | 0 |
_tRevista Brasileira de Engenharia Agrícola e Ambiental (Brazil) _xISSN 1807-1929 _g(Aug 2011), v.15(8) p. 810-815 _wBR2012002398 |
|
| 856 | 4 | 0 | _uhttp://www.scielo.br/pdf/rbeaa/v15n8/07.pdf |
| 909 |
_a202311 _bLúcia _c55 _dLúcia Elande |
||
| 942 |
_2AGRIS _n0 _cANA |
||
| 999 |
_c218344 _d218344 |
||